| 000 | 00644nas a2200181 a 4500 | ||
|---|---|---|---|
| 001 | 309 | ||
| 003 | CDMR | ||
| 005 | 20131218174034.0 | ||
| 008 | 130130c1896||||sp a||||||||||||||||s |d | ||
| 040 |
_aCDMR _bcat _cCDMR |
||
| 110 | 2 |
_aAsociación de la Prensa de Madrid _987 |
|
| 245 | 1 | 0 |
_aMemoria del ejercicio económico del año -- _cAsociación de la Prensa de Madrid |
| 260 |
_aMadrid _c1895- _bAsociación de la Prensa de Madrid |
||
| 610 | 2 |
_987 _aAsociación de la Prensa de Madrid |
|
| 650 | 0 | 4 |
_94533 _aAssociacions de periodistes |
| 856 | 4 | 0 |
_uhttp://www.apmadrid.es/servicios-apm/archivo/memorias _yDisponible en línia (APM) |
| 942 |
_cSER _2udc |
||
| 999 |
_c309 _d309 |
||